LEADER 01158nam a2200265 4500 001 000000343926 003 CaOOAMICUS 005 20210122000000.0 008 210122s2019 it 000 u ita r 020 $a978-88-922199-1-5 040 $aSeMil$bita 100 1 $aGalantino, Nunzio,$c.$0(OLS)http://semarc/name/16055 245 13$aLe feste del Signore :$bcommento ai cicli liturgici festivi /$cNunzio Galantino. 264 1$aCinisello Balsamo :$bSan Paolo,$c2019. 300 $a317 p. ;$c21 cm 490 1 $aParola e liturgia ;$v78 650 4$aLiturgia - Meditazioni.$0(OLS)http://semarc/subject/17661 650 4$aOmiletica.$0(OLS)http://semarc/subject/3458 830 0$aParola e liturgia ;$v78.$0(OLS)http://semarc/title/5887 850 $aSeMil 852 $aSeMil$W1$xVenegono$y1$m3K II 576$j223825$B234980$CSeMilBibl$Z2$F234980 $81 996 $6020$a978-88-922199-1-5$9(OLS)http://semarc/number/292168 996 $6245$aLe feste del Signore :$bcommento ai cicli liturgici festivi$9(OLS)http://semarc/title/432974 996 $6264$aCinisello Balsamo :$bSan Paolo$9(OLS)http://semarc/publisher/30129 LEADER 01330nam a2200313 i 4500 001 000000080299 003 CaOOAMICUS 005 20170517000000.0 008 170517s2017 it u000 u ita u 013 $a52537 020 $a978-88-7198-715-6 040 $aSeMil$bita 100 1 $aCerrelli, Giancarlo.$0(OLS)http://semarc/name/91379 245 13$aLa famiglia in Italia dal divorzio al gender /$cGiancarlo Cerrelli, Marco Invernizzi ; prefazione di Massimo Gandolfini. 260 $aMilano :$bSugarco,$c2017. 300 $a338 p. ;$c21 cm. 490 0 $aArgomenti 500 $aCon dedica. 650 4$aFamiglia - Italia - Sec. 20.$0(OLS)http://semarc/subject/28600 650 4$aGender.$0(OLS)http://semarc/subject/15931 700 1 $aGandolfini, Massimo,$d<1951- >.$0(OLS)http://semarc/name/91381 700 1 $aInvernizzi, Marco,$d<1952- >.$0(OLS)http://semarc/name/91380 830 0$aArgomenti.$0(OLS)http://semarc/title/7375 850 $aSeMil 852 $aSeMil$W1$xVenegono$y1$m2F IV 43$j45821$B45821$CSeMilBibl$Z2$F47896 $81 961 $aOmaggio: Bressan don Luca 996 $6020$a978-88-7198-715-6$9(OLS)http://semarc/number/270728 996 $6245$aLa famiglia in Italia dal divorzio al gender$9(OLS)http://semarc/title/403856 996 $6260$aMilano :$bSugarco$9(OLS)http://semarc/publisher/51731